000 00461nam a2200157Ia 4500
008 210210b1997 xxu||||| |||| 00| 0 eng d
020 _a1 898563 26 8
082 _a519.2 MAOS
100 _aMAO (Xuerong).
245 _aStochastic differential equations and their applications.
260 _aEngland
_bHorwood Publishing
_c1997
300 _axvi,370
650 _aStochastic Differential Equations Applications
690 _aProbabilities
906 _a055950
999 _c103198
_d103198